000 00659nam a2200217 a 4500
001 19482
003 CO-ViMGA
008 141112s2004 ck r 000 u spa d
020 _a9507244735
040 _aCO-ViMGA
_bspa
_cCO-ViMGA
082 0 4 _a362.4 C171a
100 1 _aCasado, Demetrio
_928094
245 1 0 _aAnte la discapacidad :
_bGlosas iberoAméricanas
260 _aBuenos Aires :
_bLumen; 1995
300 _a143 p.
490 _aColección Política, Servicios y Trabajo Social
590 _aForma de adquisición : Premio Mincultura
650 1 4 _aDISCAPACITADOS - ASPECTOS SOCIALES
_928095
650 1 4 _aSERVICIO SOCIAL
_928096
942 _2ddc
_cBK
999 _c28623
_d28623